Khái luận về lãnh đạo và quản trị công tác hoạch định
Trình bày các vấn đề về nghệ thuật lãnh đạo, quản lý và hoạch định.
Gorde:
| Egile nagusia: | |
|---|---|
| Formatua: | Liburua |
| Hizkuntza: | Undetermined |
| Argitaratua: |
Thành phố Hồ Chí Minh
Nhà xuất bản Thành phố Hồ Chí Minh
1990
|
| Gaiak: | |
| Etiketak: |
Etiketa erantsi
Etiketarik gabe, Izan zaitez lehena erregistro honi etiketa jartzen!
|
| Thư viện lưu trữ: | Trung tâm Học liệu Trường Đại học Cần Thơ |
|---|
| LEADER | 00751nam a2200193Ia 4500 | ||
|---|---|---|---|
| 001 | CTU_153848 | ||
| 008 | 210402s9999 xx 000 0 und d | ||
| 082 | |a 658 | ||
| 082 | |b E59 | ||
| 100 | |a Enrègle, Yver | ||
| 245 | 0 | |a Khái luận về lãnh đạo và quản trị công tác hoạch định | |
| 245 | 0 | |c Yver Enrègle, Raymond-Alain Thiétart | |
| 260 | |a Thành phố Hồ Chí Minh | ||
| 260 | |b Nhà xuất bản Thành phố Hồ Chí Minh | ||
| 260 | |c 1990 | ||
| 520 | |a Trình bày các vấn đề về nghệ thuật lãnh đạo, quản lý và hoạch định. | ||
| 650 | |a Management,Quản trị học | ||
| 904 | |i Năm | ||
| 980 | |a Trung tâm Học liệu Trường Đại học Cần Thơ | ||